Sherlock Sam and the stolen script balestier / (Record no. 2028)
[ view plain ]
| 000 -LEADER | |
|---|---|
| fixed length control field | 01067nam a22002535i 4500 |
| 005 - DATE AND TIME OF LATEST TRANSACTION | |
| control field | 20231031104345.0 |
| 020 ## - INTERNATIONAL STANDARD BOOK NUMBER | |
| International Standard Book Number | 9781449477882 |
| 020 ## - INTERNATIONAL STANDARD BOOK NUMBER | |
| International Standard Book Number | 9789814655330 |
| 040 ## - CATALOGING SOURCE | |
| Original cataloging agency | DLC |
| Language of cataloging | eng |
| Description conventions | rda |
| Transcribing agency | DLC |
| Modifying agency | FISKH |
| 050 ## - LIBRARY OF CONGRESS CALL NUMBER | |
| Classification number | PZ7 OCN894617167 S823 |
| 082 ## - DEWEY DECIMAL CLASSIFICATION NUMBER | |
| Classification number | Fic |
| 100 1# - MAIN ENTRY--PERSONAL NAME | |
| Personal name | Low, A.J. |
| 245 10 - TITLE STATEMENT | |
| Title | Sherlock Sam and the stolen script balestier / |
| Statement of responsibility, etc. | A.J. Low. |
| 260 ## - PUBLICATION, DISTRIBUTION, ETC. | |
| Place of publication, distribution, etc. | Singapore : |
| Name of publisher, distributor, etc. | Epigram Books, |
| Date of publication, distribution, etc. | 2014 |
| 300 ## - PHYSICAL DESCRIPTION | |
| Extent | 167 pages : |
| Dimensions | 22 cm |
| 490 ## - SERIES STATEMENT | |
| Materials specified | The Fiendish Mastermind Triology |
| Series statement | Book 2 |
| 505 ## - FORMATTED CONTENTS NOTE | |
| Formatted contents note | K |
| 520 ## - SUMMARY, ETC. | |
| Summary, etc. | After getting in trouble with his parents over the mayhem in MacRitchie, Sherlock Sam was forced to disband the Supper Club. However, his arch-nemesis continues to taunt him.This time, the top-secret final script of Singapore's most popular television series is stolen! Can Sherlock Sam, Watson and their friends resolve the dastardly plot twists in their way? Stay tuned to find out! |
| 521 ## - TARGET AUDIENCE NOTE | |
| Target audience note | 620 <br/> |
| Source | Lexile |
| 521 ## - TARGET AUDIENCE NOTE | |
| Target audience note | K <br/> |
| Source | Raz-Plus |
| 906 ## - LOCAL DATA ELEMENT F, LDF (RLIN) | |
| a | 0 |
| b | ibc |
| c | orignew |
| d | 2 |
| e | epcn |
| f | 20 |
| g | y-gencatlg |
| 942 ## - ADDED ENTRY ELEMENTS (KOHA) | |
| Source of classification or shelving scheme | Dewey Decimal Classification |
| Koha item type | Books |
| Suppress in OPAC | No |
| 999 ## - | |
| -- | 2028 |
| -- | 2028 |
| Withdrawn status | Lost status | Source of classification or shelving scheme | Damaged status | Not for loan | Collection | Home library | Current library | Shelving location | Date acquired | Total Checkouts | Full call number | Barcode | Date last seen | Date last checked out | Price effective from | Koha item type |
|---|---|---|---|---|---|---|---|---|---|---|---|---|---|---|---|---|
| Dewey Decimal Classification | Juvenile Fiction | Footprints International School Library Network Toul Kork Campus | Footprints International School Library Network Toul Kork Campus | TK Primary Library Room(4th Floor), Bookcase 3&4, Shelves 17-32, Yellow Books | 10/31/2023 | 1 | LOW Fic PZ7 OCN894617167 | 2023-0723 | 06/06/2024 | 05/02/2024 | 10/31/2023 | Books |
